000 00209 a2200097 4500
001 30379
100 _aGHA, Ghalib
245 _aMirza Ghalib
260 _aLahore
_bProgressive Books
_c
090 _c20332
_d20332
942 _aNUST-CAE
_cM
_c11484
999 _c265452
_d265452